000 00597nam a22001697a 4500
003 OSt
005 20171010095520.0
008 120816t xxu||||| |||| 00| 0 eng d
040 _aMMSU
_cULS
100 _aBismonte, Mildred S.
_912193
245 _aAng Balidity ng mga balyus na nailarawan sa mga kontemporaryong maikling kuwentong Iloko
_cMildred S. Bismonte
260 _c1993
300 _axvii, 164 leaves
_c28 cm.
500 _aThesis (MA Education-Filipino) -- Mariano Marcos State University-Graduate School, Laoag City
504 _aBibliography: leaves 159-164
942 _2ddc
_cTHEDIS
999 _c9762
_d9762